| 000 | 01161cam a2200325 a 4500 | ||
|---|---|---|---|
| 999 |
_c11444 _d11444 |
||
| 001 | 16276678 | ||
| 003 | OSt | ||
| 005 | 20191227103324.0 | ||
| 008 | 100610s2007 enk b 001 0 eng | ||
| 010 | _a 2010286875 | ||
| 020 | _a9780230004764 (pbk.) | ||
| 020 | _a0230004768 (pbk.) | ||
| 040 |
_aDLC _coclc |
||
| 050 | 0 | 0 |
_aHB171 _b.K45 2007 |
| 082 | 0 | 0 |
_a330.156 _222 _bKEY/G |
| 100 |
_aKeynes, John Maynard _d1883-1946. _9807 |
||
| 245 | 1 | 4 |
_aThe general theory of employment, interest, and money / _cJohn Maynard Keynes |
| 260 |
_aHoundmills, Basingstoke, Hamshire ; _aNew York, NY : _bPalgrave Macmillan, _c2007. |
||
| 300 | _a428 p | ||
| 500 | _a"With a new introduction by Paul Krugman"--Cover. | ||
| 504 | _aIncludes bibliographical references and index. | ||
| 650 | 0 | _aEconomics. | |
| 650 | 0 | _aMoney. | |
| 650 | 0 | _aInterest. | |
| 650 | 0 | _aMonetary policy. | |
| 700 |
_aKrugman, Paul R _9551 |
||
| 906 |
_a7 _bcbc _corigcop _d1 _encip _f20 _gy-gencatlg |
||
| 942 |
_2ddc _cBK _h330.156 _iKEY/G _k330.156 _mKEY/G |
||